| 000 | 00898nam a22002417a 4500 | ||
|---|---|---|---|
| 999 |
_c92668 _d92668 |
||
| 005 | 20230530110548.0 | ||
| 010 | _aENG-112561 ENG-137022 | ||
| 020 |
_a9789381904718 _c999.00 |
||
| 035 | _aEN-96093 | ||
| 035 | _aEN-120554 | ||
| 037 | _bDBAD/PUB | ||
| 082 | _a327.172 | ||
| 245 | 0 | 0 |
_aSearching for non- western roots of conflict resolution : _bDiscourse, Norms and Case Studies / _cedited by Shantanu Chakrabarti |
| 260 |
_aNew Delhi _bKW Publishers _c2013 |
||
| 270 |
_a4676/21, First Floor, Ansari Road, Daryaganj, _bNew Delhi _e110002 |
||
| 300 |
_axiv,216p. : _c24cm(Hb) _bmap |
||
| 500 | _a Includes bibliographical references. | ||
| 520 | _aPapers presented at a conference held at Kolkata in January 2012. | ||
| 650 |
_a Conflict management _vCongresses. |
||
| 650 |
_a Peace _vCongresses. |
||
| 700 | _aChakrabarti, Shantanu | ||
| 942 |
_2ddc _cEN _mSEA _h327.172 |
||